THE ART OF H.R.D:Peaple and Competencies. (vol-5) (Record no. 459)

MARC details
000 -LEADER
fixed length control field 00448nam a22001697a 4500
005 - DATE AND TIME OF LATEST TRANSACTION
control field 20180810142904.0
008 - FIXED-LENGTH DATA ELEMENTS--GENERAL INFORMATION
fixed length control field 160503b xxu||||| |||| 00| 0 eng d
020 ## - INTERNATIONAL STANDARD BOOK NUMBER
ISBN 81-242-0169-2
041 ## - LANGUAGE CODE
Language code of text/sound track or separate title eng
082 ## - DEWEY DECIMAL CLASSIFICATION NUMBER
Item number 1166
Classification number 658.3
100 ## - MAIN ENTRY--AUTHOR NAME
Personal name Boulter Nick AND OTHERS
245 ## - TITLE STATEMENT
Title THE ART OF H.R.D:Peaple and Competencies. (vol-5)
260 ## - PUBLICATION, DISTRIBUTION, ETC. (IMPRINT)
Name of publisher Crest Publishing house
Year of publication 2001
Place of publication DELHI
300 ## - PHYSICAL DESCRIPTION
Number of Pages 157p,
650 ## - SUBJECT ADDED ENTRY--TOPICAL TERM
Topical Term Management
942 ## - ADDED ENTRY ELEMENTS (KOHA)
Koha item type Books
Holdings
Lost status Damaged status Collection code Home library Current library Shelving location Date acquired Full call number Accession Number Koha item type
    MANAGEMENT JRU Library JRU Library SHELF-70 D 03/05/2016 658.3 1166 Books